| LEADER | 00830nam a2200181 4500 | ||
|---|---|---|---|
| 082 | |a 332.1 |b PH120t. | ||
| 100 | |a | ||
| 245 | |a Phân tích quản trị tài chính |c Nguyễn Tấn Bình chủ biên | ||
| 260 | |a H.: |b Thồng kê, |c 2005. | ||
| 300 | |a 448 tr.; |c 24 cm. | ||
| 500 | |a | ||
| 520 | |a v.v... | ||
| 653 | |a Kinh tế | ||
| 942 | |2 ddc |c SH | ||
| 999 | |c 10877 |d 10877 | ||
| 952 | |0 0 |1 0 |2 ddc |4 0 |6 332_100000000000000_PH120T |7 0 |8 300 |9 93713 |a qbu |b qbu |c D2 |d 2015-09-14 |g 58000 |o 332.1 PH120t. |p 6465.c1 |r 0000-00-00 |w 2015-09-14 |y SH | ||
| 952 | |0 0 |1 0 |2 ddc |4 0 |6 332_100000000000000_PH120T |7 0 |8 300 |9 100142 |a qbu |b qbu |c D2 |d 2015-11-30 |g 58000 |o 332.1 PH120t. |p 6465.C2 |r 0000-00-00 |w 2015-11-30 |y SH | ||
| 952 | |0 0 |1 0 |2 ddc |4 0 |6 332_100000000000000_PH120T |7 0 |8 300 |9 108498 |a qbu |b qbu |c D2 |d 2016-10-28 |g 58000 |o 332.1 PH120t. |p 6465.c3 |r 0000-00-00 |w 2016-10-28 |y SH | ||